000 01101nam a22003377a 4500
003 CHAP
005 20220329133748.0
008 971013s1978 r 00010 d
010 _a10511
011 _a11483
035 _a10721
040 _cCHAP
082 _a595.7
_bD35
100 0 0 _aDaly, Howell V.
_930978
245 _aIntroduction to insect biology and diversity
260 _aAuckland :
_bMcGraw-Hill,
_c1978
300 _a564 p.
_b: ilus
590 _aBATCH-UPD
_b10
_c20130110
_lUCH01
_h0055
590 _aBATCH-UPD
_b10
_c20130110
_lUCH01
_h2105
590 _aBATCH-UPD
_b10
_c20130410
_lUCH01
_h1416
590 _aBATCH-UPD
_b10
_c20130914
_lUCH01
_h1226
590 _aCONVERSION
_b10
_c20130109
_lUCH01
_h1307
650 1 4 _aEntomologĂ­a.
_937113
650 1 4 _aInsectos
_xBiologĂ­a.
_958897
700 0 _aDoyen, John T.
_934136
700 0 _aEhrlich, Paul R.
_935781
901 _aBK
942 _cLIBRO
949 _a595.7 D35
_bBC
_cLIBRO
_d33724000349403
_eLIBRO
_fc.2
_gI.64759
_h12530
_i10721
_si
_t5.59
949 _a595.7 D35
_bBC
_cLIBRO
_d33724000349437
_eLIBRO
_gI.12529
_h64758
_i10721
_si
_t5.59
999 _c10511
_d10511